00543 a2200169 450000500170000001000300001702000260004703500170007303700100009008200130010010000270011324500650014026000340020527000800023930000330031970000210035220180626110651.0 a1718EN-30 B-687411-435 c275.00a9798183820331 aB-687411-435 bUppal a613.7046 aSuman, Krishan Kumar  aYoga therapy /cby Krishan Kumar Suman [and] V.K. Ahluwalia aNew DelhibLotus Press,c2017 a4735/22, Prakash Deep Building,Ansari Road, Darya Ganj, bNew Delhie110002 a243p.c21 cm ( pbk.)bphotos aAhluwalia, V.K.